Equipos que jugaron Primera División de Costa Rica - Estadísticas

Estadísticas generales
  • Esta prueba ha sido intentada 84 veces
  • La puntuación promedio es 24 de 52
Estadísticas de respuestas
Temporadas en Primera Respuesta % Correcto
90 Deportivo Saprissa
96%
118 Liga Deportiva Alajuelense
89%
107 Club Sport Cartaginés
88%
117 Club Sport Herediano
88%
55 Limón FC
84%
19 Municipal Liberia
84%
57 Asociación Deportiva San Carlos
82%
33 Municipal Puntarenas
80%
21 Puntarenas FC
80%
50 Municipal Pérez Zeledón
79%
40 Santos de Guápiles
79%
1 Municipal Santa Ana
73%
38 Asociación Deportiva Carmelita
71%
8 Sporting FC
71%
20 Asociación Deportiva Guanacasteca
70%
12 Guadalupe FC
68%
14 Municipal Grecia
68%
11 Brujas FC
64%
40 Universidad de Costa Rica
64%
29 Club Sport Uruguay de Coronado
61%
6 Jicaral Sercoba
59%
36 Club Sport La Libertad
57%
35 Asociación Deportiva Ramonense
55%
18 Belén FC
55%
16 Municipal Turrialba
55%
38 Orión FC
54%
3 Club Sport México
48%
21 Asociación Deportiva Barrio México
45%
2 AS Puma Generaleña
43%
3 Municipal Osa
41%
2 Municipal Palmares
34%
39 Sociedad Gimnástica Española
34%
7 Asociación Deportiva Santa Bárbara
32%
2 Asociación Deportiva Santacruceña
25%
1 Sociedad Gimnástica Limonense
23%
2 Municipal Curridabat
20%
5 Unión Deportiva Moravia
20%
4 Municipal Goicoechea
18%
4 Club Deportivo Alajuela Junior
16%
1 Club Sport Costa Rica
14%
2 Club Sport La Union
14%
6 Sagrada Familia
14%
1 Club Sport Once Tigres
11%
1 Asociación Deportiva Generaleña
9%
1 Rohrmoser FC
9%
2 Asociación Deportiva San Miguel
7%
4 Club Sport Buenos Aires
7%
3 Club Sport Progreso
7%
1 Club Sport Independencia
5%
1 Club Sport Hispano Atlético
4%
1 Corsarios FC
4%
2 Juventud Mata Redonda
4%
No se encontraron pruebas coincidentes
Distribución de puntuación
Porcentaje de gente con cada puntuación
Porcentaje por número respondido
Historial de tus puntuaciones
No has intentado esta prueba.